000 00713nmc a2200241 a 4500
003 AR-BaBNM
005 20251128210738.0
008 191020s1999 ||||||||||||||000 | spa||
020 _a987-503-208-5
040 _cAR-BaBNM
245 1 0 _aInmigrantes españoles en Argentina
_badaptación e identidad, documentos : 1915-1931
260 _aBuenos Aires
_bBiblioteca Nacional
_bPágina/12
_c1999
300 _a79 p.
_bláms.
490 0 _aFin del milenio
650 4 _aHISTORIA ARGENTINA
650 4 _aINMIGRACION EN ARGENTINA
650 4 _aHISTORIA SOCIAL
650 4 _aHISTORIA ECONOMICA
650 4 _aIDENTIDAD NACIONAL
700 1 _aRodino, Hugo José
_ecoordinador
942 _cBK
998 _cMariana
999 _c16713
_d16713